000
00196 a2200097 4500
001
11808
100
_a
Lie, T
245
_a
United Nations
260
_a
_b
Funk & Wagnalls
_c
090
_c
9064
_d
9064
942
_a
NUST-CAE
_c
M
_c
35894
999
_c
246881
_d
246881